| 000 | 00607nam a22002295 4500 | ||
|---|---|---|---|
| 001 | 117125 | ||
| 003 | ES-MaBCM | ||
| 005 | 20231026131655.0 | ||
| 008 | 051129s1963 esp spa d | ||
| 017 | _aM.346-1963 | ||
| 035 | _a(OCoLC)1350277765 | ||
| 040 | _cES-MaBCM | ||
| 041 | 1 |
_aspa _heng |
|
| 100 | 1 |
_aUre, Percy Neville _965997 |
|
| 245 | 1 | 0 |
_aJustiniano y su época _cPercy Neville Ure |
| 260 |
_aMadrid : _bRevista de Derecho Privado, _c1963 |
||
| 300 |
_aXVIII, 319 p. _c20 cm |
||
| 440 | 0 |
_aBiografia _9107600 |
|
| 648 | 0 |
_9128941 _aS. VI |
|
| 650 | 2 | 7 |
_aHistoria _958878 |
| 942 |
_cBK _2udc |
||
| 999 |
_c117125 _d117125 |
||